000 00838cab a2200253 4500
001 WB2945-52
008 090401t1993 xxu||||| |||| 00| 0 eng d
035 _a(Sirsi) u37395
041 _aeng
100 _aFreer, P.
245 _aReceivers and VAT
260 _c1993
350 _a0
490 _aCSW - The Property Week
_v45(9) 2 December 1993, 52-53(2)
520 _aDiscusses the "Sargent v C&E Commissioners" 27 October 1993 decision which considered the application of Regulation 11 Valued Added Tax (General) Regulations 1995 for Law of Property Act Receivers.
650 _aLAW OF PROPERTY ACT RECEIVERS
650 _aRENTS
650 _aVALUE ADDED TAX (GENERAL) REGULATIONS 1985
650 _aVALUE ADDED TAX
690 _aPROPERTY LAW AND PRACTICE
690 _aTAXATION
942 _n0
948 _c04/03/1997
999 _c24178
_d24178